[Event "Muensterland Regionalliga Gr2 2223"]
[Site "Germany"]
[Date "2022.11.05"]
[Round "3.8"]
[White "Baer, Klaus"]
[Black "Lewerenz, Lars"]
[Result "1/2-1/2"]
[WhiteElo "1670"]
[BlackElo "1615"]
[PlyCount "47"]
[EventDate "2022.09.03"]
[EventType "team-tourn"]
[EventRounds "5"]
[EventCountry "GER"]
[SourceTitle "EXT 2024"]
[Source "ChessBase"]
[SourceDate "2023.10.10"]
[SourceVersion "1"]
[SourceVersionDate "2023.10.10"]
[SourceQuality "1"]
[WhiteTeam "Gronau"]
[BlackTeam "Raesfeld Erle"]
[WhiteTeamCountry "GER"]
[BlackTeamCountry "GER"]

1. d4 d6 2. Bf4 c6 3. e3 Nf6 4. Bd3 Nbd7 5. c3 g6 6. Qc2 Bg7 7. Nf3 Qc7 8. Nbd2 e5 9. dxe5 dxe5 10. Bg3 Nh5 11. e4 Nc5 12. Be2 f5 13. b4 Nxg3 14. hxg3 fxe4 15. Nxe4 Nxe4 16. Qxe4 Bf5 17. Qc4 0-0-0 18. Ng5 Rd5 19. g4 b5 20. Qb3 Bd3 21. Ne6 Qe7 22. Nxg7 Bxe2 23. Kxe2 Qxg7 24. Rad1 1/2-1/2

[Event "Muensterland Verbandsklasse Gr2 2223"]
[Site "Germany"]
[Date "2022.10.29"]
[Round "2.3"]
[White "Schaefertoens, Robert"]
[Black "Baer, Klaus"]
[Result "1/2-1/2"]
[WhiteElo "1760"]
[BlackElo "1630"]
[PlyCount "35"]
[EventDate "2022.09.17"]
[EventType "team-tourn"]
[EventRounds "5"]
[EventCountry "GER"]
[SourceTitle "EXT 2024"]
[Source "ChessBase"]
[SourceDate "2023.10.10"]
[SourceVersion "1"]
[SourceVersionDate "2023.10.10"]
[SourceQuality "1"]
[WhiteTeam "Greven"]
[BlackTeam "Gronau II"]
[WhiteTeamCountry "GER"]
[BlackTeamCountry "GER"]

1. Nf3 Nf6 2. d4 e6 3. Bf4 b6 4. c3 Bb7 5. Nbd2 Be7 6. h3 0-0 7. e3 d6 8. Be2 Nbd7 9. 0-0 c5 10. Re1 Qc7 11. a4 e5 12. dxe5 dxe5 13. Bh2 Ne4 14. Qc2 Nxd2 15. Nxd2 Rad8 16. Bf3 Bxf3 17. Nxf3 f6 18. Rad1 1/2-1/2

[Event "Muensterland Verbandsklasse 1920"]
[Site "Germany"]
[Date "2020.02.29"]
[Round "7.7"]
[White "Baer, Klaus"]
[Black "Pohlmeier, Ulrich"]
[Result "1-0"]
[WhiteElo "1623"]
[BlackElo "1589"]
[PlyCount "81"]
[EventDate "2019.09.14"]
[EventType "team-tourn"]
[EventRounds "7"]
[EventCountry "GER"]
[SourceTitle "EXT 2023"]
[Source "ChessBase"]
[SourceDate "2022.10.05"]
[SourceVersion "1"]
[SourceVersionDate "2022.10.05"]
[SourceQuality "1"]
[WhiteTeam "Gronau II"]
[BlackTeam "Rheine Klein Berlin II"]
[WhiteTeamCountry "GER"]
[BlackTeamCountry "GER"]

1. c4 e6 2. Nc3 Nf6 3. g3 d5 4. d4 dxc4 5. Qa4+ Bd7 6. Qxc4 Bc6 7. f3 Be7 8. e4 0-0 9. Be3 Nbd7 10. d5 Nb6 11. Bxb6 exd5 12. exd5 Bxd5 13. Nxd5 Nxd5 14. Bc5 Re8 15. 0-0-0 c6 16. Bd3 Qa5 17. Bd4 b5 18. Qb3 Rad8 19. Be4 Bg5+ 20. Kb1 Ne3 21. Bxe3 Rxd1+ 22. Qxd1 Bxe3 23. Ne2 Rd8 24. Bd3 c5 25. Qc2 c4 26. Bxh7+ Kh8 27. Be4 Rd2 28. Qc3 Qb6 29. Re1 Qc5 30. f4 f6 31. Nc1 Bxf4 32. gxf4 Qf2 33. Rd1 Rxd1 34. Qh3+ Kg8 35. Qh7+ Kf8 36. Qh8+ Kf7 37. Qh5+ Ke7 38. Qxd1 Qxf4 39. Qe2 Qe5 40. Qg4 f5 41. Qxf5 1-0

[Event "Muensterland Verbandsklasse 1920"]
[Site "Germany"]
[Date "2020.01.18"]
[Round "5.7"]
[White "Baer, Klaus"]
[Black "Kaiser, Guenter"]
[Result "1/2-1/2"]
[WhiteElo "1620"]
[BlackElo "1628"]
[PlyCount "57"]
[EventDate "2019.09.14"]
[EventType "team-tourn"]
[EventRounds "7"]
[EventCountry "GER"]
[SourceTitle "EXT 2023"]
[Source "ChessBase"]
[SourceDate "2022.10.05"]
[SourceVersion "1"]
[SourceVersionDate "2022.10.05"]
[SourceQuality "1"]
[WhiteTeam "Gronau II"]
[BlackTeam "Ochtrup"]
[WhiteTeamCountry "GER"]
[BlackTeamCountry "GER"]

1. d4 d5 2. Bf4 Nf6 3. e3 c6 4. Bd3 e6 5. c3 Bd6 6. Bg3 Qc7 7. Nf3 Nbd7 8. Nbd2 0-0 9. Qc2 e5 10. dxe5 Nxe5 11. Nxe5 Bxe5 12. Nf3 Bd6 13. Bh4 Ne4 14. Bxe4 dxe4 15. Qxe4 h6 16. Bg3 Be6 17. Bxd6 Qxd6 18. Rd1 Qc7 19. 0-0 Bxa2 20. c4 b5 21. cxb5 cxb5 22. Rc1 Qd7 23. Rfd1 Qe6 24. Qxe6 Bxe6 25. Nd4 a6 26. Nxe6 fxe6 27. Rd6 e5 28. Rc5 Rfe8 29. Rdd5 1/2-1/2

[Event "Muensterland Verbandsklasse 1920"]
[Site "Germany"]
[Date "2019.10.05"]
[Round "2.8"]
[White "Vestrick, Frank"]
[Black "Baer, Klaus"]
[Result "1/2-1/2"]
[WhiteElo "1667"]
[BlackElo "1675"]
[PlyCount "118"]
[EventDate "2019.09.14"]
[EventType "team-tourn"]
[EventRounds "7"]
[EventCountry "GER"]
[SourceTitle "EXT 2023"]
[Source "ChessBase"]
[SourceDate "2022.10.05"]
[SourceVersion "1"]
[SourceVersionDate "2022.10.05"]
[SourceQuality "1"]
[WhiteTeam "Heiden"]
[BlackTeam "Gronau II"]
[WhiteTeamCountry "GER"]
[BlackTeamCountry "GER"]

1. d4 Nf6 2. c4 e6 3. Nc3 d5 4. Nf3 c6 5. Bg5 Be7 6. e3 0-0 7. Rc1 dxc4 8. Bxc4 Nd5 9. Bxe7 Qxe7 10. 0-0 Nd7 11. Qe2 N7f6 12. Rfd1 Bd7 13. e4 Nxc3 14. bxc3 Rfe8 15. e5 Nd5 16. Nd2 b5 17. Bb3 a5 18. Ne4 a4 19. Bc2 f5 20. exf6 Nxf6 21. Qd3 Nxe4 22. Qxe4 g6 23. Re1 Qf6 24. Qe5 Rf8 25. Re2 Qxe5 26. Rxe5 Rfb8 27. a3 Kg7 28. Rce1 Rf8 29. Be4 Rac8 30. Rc5 Rfd8 31. Rb1 Be8 32. Kf1 Kf6 33. Ke2 Ke7 34. Ke3 Kf6 35. c4 Ke7 36. Bd3 bxc4 37. Rxc4 Ra8 38. Rbb4 Rdb8 39. Rxb8 Rxb8 40. Rxa4 Kd6 41. Ra7 h5 42. Rg7 Ra8 43. Bxg6 Bxg6 44. Rxg6 Rxa3+ 45. Ke4 Ra5 46. f4 Rb5 47. Rg5 Rb2 48. Rg6 Re2+ 49. Kf3 Rd2 50. Ke3 Rd1 51. f5 Re1+ 52. Kd3 Rd1+ 53. Ke3 Re1+ 54. Kd2 Re4 55. Rxe6+ Rxe6 56. fxe6 Kxe6 57. g3 Kf5 58. h3 Ke4 59. Kc3 Kf3 1/2-1/2

[Event "Muensterland Verbandsklasse 1920"]
[Site "Germany"]
[Date "2019.09.14"]
[Round "1.7"]
[White "Bienhuels, Michael"]
[Black "Baer, Klaus"]
[Result "0-1"]
[WhiteElo "1658"]
[BlackElo "1675"]
[PlyCount "58"]
[EventDate "2019.09.14"]
[EventType "team-tourn"]
[EventRounds "7"]
[EventCountry "GER"]
[SourceTitle "EXT 2023"]
[Source "ChessBase"]
[SourceDate "2022.10.05"]
[SourceVersion "1"]
[SourceVersionDate "2022.10.05"]
[SourceQuality "1"]
[WhiteTeam "Duelmen II"]
[BlackTeam "Gronau II"]
[WhiteTeamCountry "GER"]
[BlackTeamCountry "GER"]

1. e4 c5 2. d4 cxd4 3. c3 d3 4. c4 Nc6 5. Bxd3 d6 6. h3 g6 7. Nf3 Bg7 8. Nc3 Nf6 9. Be3 0-0 10. a3 b6 11. Qd2 Re8 12. Bh6 Bh8 13. Rc1 Bb7 14. 0-0 Rc8 15. Be3 Na5 16. Qe2 Nb3 17. Rcd1 Nd7 18. Qc2 Nbc5 19. b4 Nxd3 20. Qxd3 Qc7 21. Nb5 Qxc4 22. Nxa7 Qxd3 23. Rxd3 Ra8 24. Nb5 Bxe4 25. Rdd1 Rec8 26. Rc1 Bd3 27. Rxc8+ Rxc8 28. Na7 Rc7 29. Rd1 Be2 0-1

[Event "Muensterland Regionalliga 1314"]
[Site "Germany"]
[Date "2014.04.05"]
[Round "8.8"]
[White "Baer, Klaus"]
[Black "Bruemmer, Andreas"]
[Result "0-1"]
[WhiteElo "1602"]
[BlackElo "1894"]
[PlyCount "78"]
[EventDate "2013.09.07"]
[EventType "team-tourn"]
[EventRounds "9"]
[EventCountry "GER"]
[SourceTitle "EXT 2015"]
[Source "ChessBase"]
[SourceDate "2014.11.20"]
[SourceVersion "1"]
[SourceVersionDate "2014.11.20"]
[SourceQuality "1"]
[WhiteTeam "Gronau"]
[BlackTeam "Rheine Klein Berlin"]
[WhiteTeamCountry "GER"]
[BlackTeamCountry "GER"]

1. e4 c5 2. Nf3 e6 3. d4 cxd4 4. Nxd4 a6 5. c4 Nf6 6. Bd3 Qc7 7. 0-0 Be7 8. Nc3 0-0 9. Be3 d6 10. Rc1 Nc6 11. Nxc6 bxc6 12. Qe2 c5 13. Rfd1 Bd7 14. f4 Bc6 15. Bd2 Nd7 16. Re1 Bf6 17. g3 g6 18. Be3 Rab8 19. Qc2 Rfe8 20. Rcd1 Bg7 21. Rd2 f5 22. Rde2 fxe4 23. Bxe4 Bxe4 24. Qxe4 Nf6 25. Qc2 Ng4 26. Bf2 Nxf2 27. Kxf2 Bd4+ 28. Kf1 Qb7 29. Ne4 Qc6 30. b3 d5 31. Nf2 Kg7 32. h4 dxc4 33. Qxc4 Qf3 34. Qxa6 Qxg3 35. Qa7+ Kh6 36. Qc7 Rf8 37. Qe7 Rf5 38. Qxe6 Rxf4 39. Qe7 Rxf2+ 0-1

[Event "Muensterland Verbandsliga 1213"]
[Site "Germany"]
[Date "2012.11.24"]
[Round "3.8"]
[White "Baer, Klaus"]
[Black "Sandmann, Sebastian"]
[Result "0-1"]
[WhiteElo "1536"]
[BlackElo "1668"]
[PlyCount "62"]
[EventDate "2012.09.22"]
[EventType "team-tourn"]
[EventRounds "9"]
[EventCountry "GER"]
[SourceTitle "EXT 2015"]
[Source "ChessBase"]
[SourceDate "2014.11.20"]
[SourceVersion "1"]
[SourceVersionDate "2014.11.20"]
[SourceQuality "1"]
[WhiteTeam "Gronau"]
[BlackTeam "Ostbevern Westbevern"]
[WhiteTeamCountry "GER"]
[BlackTeamCountry "GER"]

1. d4 Nf6 2. Nf3 g6 3. c4 Bg7 4. Nc3 d5 5. e3 0-0 6. Be2 b6 7. 0-0 Bb7 8. cxd5 Nxd5 9. Bd2 Nd7 10. Bc4 N7f6 11. Qe2 a6 12. a3 Nxc3 13. Bxc3 Ne4 14. Rac1 c5 15. Rfd1 Nxc3 16. Rxc3 Qe8 17. Ba2 Rd8 18. Ne5 Bxe5 19. dxe5 Qc6 20. f3 a5 21. Rcd3 Ba6 22. Qc2 Bxd3 23. Rxd3 Qc7 24. f4 Rxd3 25. Qxd3 Rd8 26. Qc4 e6 27. Qc3 Qd7 28. Bc4 Qd1+ 29. Kf2 Rd2+ 30. Kg3 Qe1+ 31. Kh3 Qf2 0-1

[Event "Muensterland Verbandsklasse-A 0809"]
[Site "Germany"]
[Date "2009.03.28"]
[Round "8.6"]
[White "Kohkemper, Volkmar"]
[Black "Baer, Klaus"]
[Result "1-0"]
[WhiteElo "1802"]
[BlackElo "1565"]
[PlyCount "49"]
[EventDate "2008.09.13"]
[EventType "team-tourn"]
[EventRounds "9"]
[EventCountry "GER"]
[SourceTitle "EXT 2010"]
[Source "ChessBase"]
[SourceDate "2010.11.25"]
[SourceVersion "1"]
[SourceVersionDate "2010.11.25"]
[SourceQuality "1"]
[WhiteTeam "Beelen"]
[BlackTeam "Gronau II"]
[WhiteTeamCountry "GER"]
[BlackTeamCountry "GER"]

1. d4 d5 2. c4 c6 3. Nc3 Nf6 4. Bf4 e6 5. e3 Be7 6. Nf3 Nbd7 7. cxd5 exd5 8. Bd3 b6 9. Qa4 b5 10. Qc2 a6 11. h3 Bb7 12. g4 h6 13. Ne5 c5 14. Ne2 Qa5+ 15. Qd2 Qxd2+ 16. Kxd2 Ne4+ 17. Ke1 cxd4 18. Nxd4 Bb4+ 19. Ke2 Rc8 20. Rac1 Nxe5 21. Rxc8+ Bxc8 22. Bxe5 f6 23. Bh2 Bd6 24. Bxe4 Bxh2 25. Bg6+ 1-0